000 00395nam a2200157Ia 4500
008 100204s9999 xx 000 0 und d
082 _b28528
100 _aकोलवेकर ज्ञानेश्वर
245 _aद्र्रोण
250 _a0
260 _c2004
300 _a92
630 _aद्र्रोण
730 _aद्र्रोण
942 _cBOOK
999 _c473688
_d473685